| 000 | 00575 a2200181 4500 | ||
|---|---|---|---|
| 003 | OSt | ||
| 005 | 20180116182716.0 | ||
| 008 | 160819b xxu||||| |||| 00| 0 eng d | ||
| 020 | _a0 | ||
| 040 | _c0 | ||
| 082 | _a954.91025 GUJ 1994 | ||
| 100 | _aInternational Busianess Publications | ||
| 245 |
_aGujranwala Gujrat Industrial and Trade Directory _cInternational Busianess Publications |
||
| 260 |
_aKarachi Pakistan _bKhawaja Pakistan _c1994 |
||
| 300 |
_a302 p. _bPB |
||
| 440 | _aGujranwala Gujrat Industrial and Trade Directory | ||
| 942 |
_aNBS _cBK _k954.91025 GUJ _2ddc |
||
| 999 |
_c344548 _d344548 |
||